Koncepcia návrhu a využívania geotermálnej energie v geotermálnom energetickom systéme z energetického hľadiska

Koncepcia využívania geotermálnej energie. Energetická bilancia. Bloková schéma geotermálneho energetického systému. Hodnotenie účinnosti využívania geotermálnej energie.

Saved in:
Bibliographic Details
Main Author: Takács, Ján
Format: Book Chapter
Language:Slovak
Subjects:
Tags: Add Tag
No Tags, Be the first to tag this record!

MARC

LEADER 00000naa$a2200000$$$4500
001 0099697
005 20231207140432.0
041 0 |a slo 
044 |a SK 
245 1 0 |a Koncepcia návrhu a využívania geotermálnej energie v geotermálnom energetickom systéme z energetického hľadiska  |c Ján Takács 
520 |a Koncepcia využívania geotermálnej energie. Energetická bilancia. Bloková schéma geotermálneho energetického systému. Hodnotenie účinnosti využívania geotermálnej energie. 
610 2 0 |a energia geotermálna 
610 2 0 |a využitie energie 
610 2 0 |a koncepcie 
610 2 0 |a bilancia energetická 
610 2 0 |a Slovensko 
100 1 |a Takács, Ján